約翰一二三書 Yue han yi er san shu : (Record no. 37729)
[ view plain ]
| 000 -LEADER | |
|---|---|
| fixed length control field | 00987nam a22002297a 4500 |
| 003 - CONTROL NUMBER IDENTIFIER | |
| control field | OSt |
| 005 - DATE AND TIME OF LATEST TRANSACTION | |
| control field | 20140901164758.0 |
| 008 - FIXED-LENGTH DATA ELEMENTS--GENERAL INFORMATION | |
| fixed length control field | 140901b hk ||||| |||| 00| 0 eng d |
| 020 ## - INTERNATIONAL STANDARD BOOK NUMBER | |
| International Standard Book Number | 9789881693990 |
| 020 ## - INTERNATIONAL STANDARD BOOK NUMBER | |
| International Standard Book Number | 9881693993 |
| 100 ## - MAIN ENTRY--PERSONAL NAME | |
| Personal name | 張永信 Yongxin Zhang |
| 245 ## - TITLE STATEMENT | |
| Title | 約翰一二三書 Yue han yi er san shu : |
| Remainder of title | 教會復興攻略 : 愛弟兄、守誡命、斥異端 jiao hui fu xing gong lüe : ai di xiong, shou jie ming, chi yi duan = 1, 2, 3 John : a strategy of revival {ch} / |
| Statement of responsibility, etc | 張永信. 張永信 [= Vincent Cheung] 著. ; Yongxin Zhang. |
| 264 ## - PRODUCTION, PUBLICATION, DISTRIBUTION, MANUFACTURE STATEMENTS | |
| Place of production, publication, distribution, manufacture | 明道社有限公司, Xianggang : |
| Name of producer, publisher, distributor, manufacturer | <a href="Ming dao she you xian gong si, ">Ming dao she you xian gong si, </a> |
| Date of production, publication, distribution, manufacture | 2013. |
| 300 ## - PHYSICAL DESCRIPTION | |
| Extent | xiv, 299 pages ; |
| Dimensions | 23 cm. |
| Accompanying material | + 1 booklet (41 pages). |
| 336 ## - CONTENT TYPE | |
| Source | rdacontent |
| 337 ## - MEDIA TYPE | |
| Source | rdamedia |
| 338 ## - CARRIER TYPE | |
| Source | rdacarrier |
| 440 ## - SERIES STATEMENT/ADDED ENTRY--TITLE | |
| Title | Ming dao yan jing cong shu = Ming Dao Bible study series ; |
| Number of part/section of a work | 62-64. |
| 630 ## - SUBJECT ADDED ENTRY--UNIFORM TITLE | |
| Uniform title | Bible. |
| Name of part/section of a work | Epistles of John. |
| General subdivision | Commentaries {ch}. |
| 700 ## - ADDED ENTRY--PERSONAL NAME | |
| Personal name | Cheung, Vincent |
| 942 ## - ADDED ENTRY ELEMENTS (KOHA) | |
| Source of classification or shelving scheme | Library of Congress Classification |
| Item type | Books |
| Withdrawn status | Lost status | Source of classification or shelving scheme | Damaged status | Not for loan | Home library | Current library | Shelving location | Date acquired | Source of acquisition | Inventory number | Total Checkouts | Full call number | Barcode | Date last seen | Price effective from | Koha item type |
|---|---|---|---|---|---|---|---|---|---|---|---|---|---|---|---|---|
| Library of Congress Classification | BSOP Library | BSOP Library | Reference Chinese | 09/01/2014 | C-12159 | BS498.C5 M66 EpJohn | 00044559 | 09/01/2014 | 09/01/2014 | Books |
